Transformations of manifolds and applications to differential equations
Αποθηκεύτηκε σε:
| Κύριος συγγραφέας: | |
|---|---|
| Μορφή: | Βιβλίο |
| Γλώσσα: | English |
| Δημοσίευση: |
Harlow :
Longman,
1998
|
| Σειρά: | Pitman monographs and surveys in pure and applied mathematics ;
; 93 |
| Θέματα: | |
| Ετικέτες: |
Προσθήκη ετικέτας
Δεν υπάρχουν, Καταχωρήστε ετικέτα πρώτοι!
|
MARC
| LEADER | 00000nam a2200000 i 4500 | ||
|---|---|---|---|
| 001 | 1/99415 | ||
| 008 | 000310s1998 eng d | ||
| 020 | |a 0-582-31619-7 | ||
| 035 | |l 10056872 | ||
| 040 | |a GR-MY-UA |b gre |e aacr | ||
| 041 | 0 | |a eng | |
| 082 | 0 | |a 516.36 | |
| 100 | 1 | |a Tenenblat, Keti. | |
| 245 | 1 | 0 | |a Transformations of manifolds and applications to differential equations / |c Keti Tenenblat |
| 260 | |a Harlow : |b Longman, |c 1998 | ||
| 300 | |a x, 209 σ.; |b εικ.; |c 25 εκ. | ||
| 490 | 1 | |a Pitman monographs and surveys in pure and applied mathematics |v ; 93 | |
| 504 | |a Περιέχει βιβλιογραφικές αναφορές και ευρετήριο | ||
| 650 | 0 | 0 | |a Geometry, Differential. |
| 650 | 0 | 0 | |a Manifolds (Mathematics) |
| 650 | 0 | 0 | |a Differential equations |x Numerical solutions. |
| 830 | 0 | |a Pitman monographs and surveys in pure and applied mathematics ; |v ; 93 | |
| 852 | |a INST |b SAMOS |e 20000310 |h 516.36 TEN |p 005300015835 |q 005300015835 |t BK |y 0 | ||
| 901 | |a BIBL3-2000-1 | ||
| 909 | |a Σ |b 072773 | ||
| 922 | |a 3ΕΛΗ |b 199912 |c ΤΜΗΜΑ ΜΑΘΗΜΑΤΙΚΩΝ |d ΠΑΠΑΣΩΤΗΡΙΟΥ | ||
| 950 | |a 116-1999-11-14 | ||
| 970 | |a ΓΕΝΟΥΖΟΥ |b ΧΡΥΣΑΝΘΗ |z 2000/03/10 | ||